Länder der Welt nach Bevölkerung - Statistiken

Allgemein
  • Dieses Quiz wurde 478 mal gespielt
  • Das Durchschnittsergebnis liegt bei 65 aus 196
Antwortstatistiken
Rank Hint Antwort % Korrekt
1 Asien China
100%
2 Asien Indien
98%
3 Nordamerika USA
97%
4 Asien Indonesien
89%
7 Südamerika Brasilien
88%
9 Asien/Europa Russland
88%
10 Nordamerika Mexiko
86%
6 Afrika Nigeria
82%
5 Asien Pakistan
81%
8 Asien Bangladesch
77%
11 Asien Japan
76%
19 Europa Deutschland
75%
18 Asien/Europa Türkei
75%
12 Afrika Äthiopien
70%
23 Europa Frankreich
70%
21 Europa Vereinigtes Königreich
69%
14 Afrika Ägypten
67%
25 Europa Italien
65%
15 Afrika Demokratische Republik Kongo
64%
30 Europa Spanien
62%
20 Asien Thailand
61%
16 Asien Vietnam
61%
13 Asien Philippinen
60%
28 Südamerika Kolumbien
59%
17 Asien Iran
58%
33 Südamerika Argentinien
56%
39 Nordamerika Kanada
54%
37 Europa Polen
53%
24 Afrika Südafrika
52%
38 Europa Ukraine
51%
22 Afrika Tansania
49%
26 Asien Myanmar
48%
44 Südamerika Peru
48%
29 Asien Südkorea
48%
55 Ozeanien Australien
47%
27 Afrika Kenia
46%
51 Südamerika Venezuela
43%
36 Asien Afghanistan
42%
35 Asien Irak
42%
41 Asien Saudi-Arabien
41%
65 Südamerika Chile
40%
34 Afrika Algerien
39%
32 Afrika Sudan
39%
31 Afrika Uganda
38%
67 Südamerika Ecuador
37%
40 Afrika Marokko
37%
64 Europa Rumänien
37%
191 Europa Monaco
36%
42 Afrika Angola
35%
68 Nordamerika Guatemala
35%
71 Europa Niederlande
35%
192 Europa San Marino
35%
43 Asien Usbekistan
35%
45 Asien Malaysia
34%
186 Europa Andorra
33%
81 Europa Belgien
33%
190 Europa Liechtenstein
33%
87 Europa Schweden
33%
80 Südamerika Bolivien
32%
46 Asien Jemen
32%
84 Nordamerika Dominikanische Republik
31%
47 Afrika Ghana
31%
82 Nordamerika Haiti
31%
85 Nordamerika Kuba
31%
194 Ozeanien Nauru
31%
195 Ozeanien Tuvalu
31%
99 Europa Österreich
30%
193 Ozeanien Palau
30%
93 Ozeanien Papua-Neuguinea
30%
90 Europa Griechenland
29%
161 Südamerika Guyana
29%
173 Europa Island
29%
164 Europa Luxemburg
29%
168 Europa Malta
29%
189 Ozeanien Marshallinseln
29%
54 Afrika Niger
29%
108 Südamerika Paraguay
29%
92 Europa Portugal
29%
101 Europa Schweiz
29%
104 Europa Serbien
29%
188 Nordamerika St. Kitts und Nevis
29%
88 Europa Tschechien
29%
89 Nordamerika Honduras
28%
48 Afrika Mosambik
28%
49 Asien Nepal
28%
56 Asien Nordkorea
28%
166 Südamerika Suriname
28%
183 Ozeanien Tonga
28%
187 Nordamerika Dominica
27%
181 Ozeanien Föderierte Staaten von Mikronesien
27%
182 Afrika Seychellen
27%
178 Nordamerika St. Lucia
27%
57 Asien Taiwan
27%
94 Europa Ungarn
27%
131 Südamerika Uruguay
27%
185 Nordamerika Antigua und Barbuda
26%
171 Nordamerika Bahamas
26%
175 Nordamerika Barbados
26%
96 Europa Belarus
26%
172 Nordamerika Belize
26%
122 Nordamerika Costa Rica
26%
114 Europa Dänemark
26%
52 Afrika Elfenbeinküste
26%
180 Nordamerika Grenada
26%
179 Ozeanien Kiribati
26%
165 Europa Montenegro
26%
121 Ozeanien Neuseeland
26%
105 Nordamerika Nicaragua
26%
126 Nordamerika Panama
26%
177 Ozeanien Samoa
26%
184 Nordamerika St. Vincent und die Grenadinen
26%
174 Ozeanien Vanuatu
26%
107 Europa Bulgarien
25%
159 Ozeanien Fidschi
25%
98 Asien Israel
25%
53 Afrika Kamerun
25%
50 Afrika Madagaskar
25%
176 Afrika São Tomé und Príncipe
25%
60 Asien Syrien
25%
170 Asien Brunei
24%
111 Nordamerika El Salvador
24%
154 Europa Estland
24%
117 Europa Finnland
24%
123 Europa Irland
24%
136 Nordamerika Jamaika
24%
73 Asien Kambodscha
24%
66 Asien Kasachstan
24%
148 Europa Lettland
24%
59 Afrika Mali
24%
163 Ozeanien Salomonen
24%
115 Europa Slowakei
24%
145 Europa Slowenien
24%
61 Asien Sri Lanka
24%
151 Nordamerika Trinidad und Tobago
24%
196 Europa Vatikanstaat
24%
58 Afrika Burkina Faso
23%
150 Europa Kosovo
23%
138 Europa Litauen
23%
133 Europa Moldawien
23%
119 Europa Norwegen
23%
63 Afrika Sambia
23%
70 Afrika Somalia
23%
69 Afrika Tschad
23%
97 Asien Vereinigte Arabische Emirate
23%
83 Asien Jordanien
22%
62 Afrika Malawi
22%
162 Asien Bhutan
21%
134 Europa Bosnien und Herzegowina
21%
157 Afrika Eswatini
21%
75 Afrika Guinea
21%
167 Afrika Kap Verde
21%
160 Afrika Komoren
21%
128 Europa Kroatien
21%
103 Asien Laos
21%
147 Europa Nordmazedonien
21%
113 Afrika Republik Kongo
21%
72 Afrika Senegal
21%
74 Afrika Simbabwe
21%
95 Asien Tadschikistan
21%
135 Europa Albanien
20%
77 Afrika Benin
20%
158 Afrika Dschibuti
20%
169 Asien Malediven
20%
112 Asien Singapur
20%
110 Asien Turkmenistan
20%
149 Afrika Äquatorialguinea
19%
91 Asien Aserbaidschan
19%
152 Asien Bahrain
19%
78 Afrika Burundi
19%
143 Afrika Gabun
19%
146 Afrika Guinea-Bissau
19%
127 Asien Kuwait
19%
106 Afrika Libyen
19%
155 Afrika Mauritius
19%
142 Afrika Namibia
19%
125 Asien Oman
19%
76 Afrika Ruanda
19%
102 Afrika Sierra Leone
19%
86 Afrika Südsudan
19%
100 Afrika Togo
19%
79 Afrika Tunesien
19%
137 Asien Armenien
18%
141 Afrika Botswana
18%
129 Asien Georgien
18%
140 Asien Katar
18%
144 Afrika Lesotho
18%
118 Asien Libanon
18%
132 Asien Mongolei
18%
153 Asien Osttimor
18%
130 Afrika Eritrea
17%
139 Afrika Gambia
17%
120 Afrika Liberia
17%
124 Afrika Mauretanien
17%
116 Afrika Zentralafrikanische Republik
17%
109 Asien Kirgistan
16%
156 Asien/Europa Republik Zypern
10%
Keine übereinstimmenden Quizze gefunden
Verteilung der Resultate
Anzahl Personen mit jedem Resultat
Perzentil nach korrekt beantworteten Fragen
Ihre Resultats-Entwicklung
Sie haben dieses Quiz noch nicht gespielt